Dare to tri : my journey from the BBC breakfast sofa to GB team triathlete
| Main Author: | |
|---|---|
| Format: | Book |
| Published: |
London :
Bloombury Publishing Plc ,
2018
|
| Subjects: |
MARC
| LEADER | 00000cam a2200000 7i4500 | ||
|---|---|---|---|
| 001 | 0000232621 | ||
| 005 | 20190708.0 | ||
| 020 | |a 9781472949189 | ||
| 090 | 0 | 0 | |a 796.4257092 |b MIN |
| 100 | 1 | |a Minchin, Louise | |
| 245 | 1 | 0 | |a Dare to tri : |b my journey from the BBC breakfast sofa to GB team triathlete |c Louise Minchin |
| 260 | |a London : |b Bloombury Publishing Plc , |c 2018 | ||
| 300 | |a 245p ; |c 23cm. | ||
| 600 | 1 | 0 | |a Minchin, Louise , |d 1968- |
| 650 | 0 | |a Triathlon |x Training | |
| 999 | |a 00368770 |b BUKU |c PINJAMAN |e PERPUSTAKAAN KOMUNITI PETALING JAYA | ||